Incoterms cases - Statistics

General Stats
  • This quiz has been taken 34 times
  • The average score is 4 of 7
Answer Stats
Question Answer % Correct
Terry sends a charge of antiques to Marianne by ship. He pays for the transport to the port on Marianne's side, but he doesn't pay for insurance. CPT
74%
Jack orders a new suit online at Sewed for You Ltd. They send the package to his place directly, taking care of everything. DDP
74%
Franklin Ltd. purchases a container of cocoa at United Cocoa. United Cocoa sets up the container at their location to be picked up. EXW
74%
Rollins Co. buys five containers of chemicals at SRI Ltd. The containers are delivered to the port closest to the customer, but wait on the ship. SRI pays for the insurance and transport. CIP
58%
Lisa orders a planeload of fresh mangoes to be delivered to her restaurant. TrueFruit Ltd. prepares the transport and takes care of everything, but Lisa has to take care of the tariffs for the import. DAP
58%
Monica's company buys a container of clothes from Best Tailorings Ltd. The container is loaded on Monica's truck by Best Tailorings. Her driver picks it up there. FCA
53%
Alex's company delivers a container of computer chips to Yanos Ltd. by ship. Alex's partner company unloads the chips and waits for the Yanos truck to pick them up. DPU
42%
No matching quizzes found
Score Distribution
Percent of People with Each Score
Percentile by Number Answered
Your Score History
You have not taken this quiz